[Event "Obro Nytaar 2017"]
[Site "Copenhagen"]
[Date "2017.12.28"]
[Round "3.7"]
[White "Aabling Thomsen, Jakob"]
[Black "Kragh, Niels Kristian"]
[Result "1-0"]
[WhiteElo "2359"]
[BlackElo "2083"]
[PlyCount "77"]
[EventDate "2017.12.27"]
[EventType "swiss"]
[EventRounds "7"]
[EventCountry "DEN"]

1. c4 Nf6 2. Nc3 e6 3. e4 d5 4. e5 d4 5. exf6 dxc3 6. bxc3 Qxf6 7. Nf3 e5 8.
Bd3 Bf5 9. Bxf5 Qxf5 10. O-O Be7 11. Re1 Nd7 12. d4 e4 13. Qe2 Nf6 14. Ng5 e3
15. Qxe3 O-O 16. Qf3 Qxf3 17. Nxf3 Rfe8 18. Kf1 b6 19. a4 a5 20. Ra2 Bd6 21.
Rae2 Rxe2 22. Rxe2 Re8 23. Rxe8+ Nxe8 24. Ke2 f6 25. Kd3 Kf7 26. h3 Ke6 27. Be3
c5 28. Nd2 cxd4 29. cxd4 Bc7 30. Ne4 Kd7 31. d5 f5 32. Ng5 f4 33. Bd4 h6 34.
Ne6 g5 35. Nxc7 Kxc7 36. Be5+ Kd7 37. Ke4 Nd6+ 38. Bxd6 Kxd6 39. Kf5 1-0

[Event "Obro Nytaar 2017"]
[Site "Copenhagen"]
[Date "2017.12.28"]
[Round "3.8"]
[White "Thybo, Thomas Sondergaard"]
[Black "Jorgensen, Brian Jorgen"]
[Result "0-1"]
[WhiteElo "2088"]
[BlackElo "2239"]
[PlyCount "48"]
[EventDate "2017.12.27"]
[EventType "swiss"]
[EventRounds "7"]
[EventCountry "DEN"]

1. e4 e6 2. d4 d5 3. Nd2 Be7 4. e5 c5 5. c3 Nc6 6. Bd3 Qb6 7. Ndf3 cxd4 8. cxd4
Bb4+ 9. Bd2 Nxd4 10. Nxd4 Qxd4 11. Qa4+ Bd7 12. Qxb4 Qxd3 13. Ne2 Ne7 14. Rc1
Nc6 15. Qd6 Rc8 16. h4 Qe4 17. Kf1 d4 18. Bg5 h6 19. Rxc6 hxg5 20. Rxc8+ Bxc8
21. Qc7 O-O 22. Nc1 b6 23. hxg5 Ba6+ 24. Kg1 Rc8 0-1

[Event "Obro Nytaar 2017"]
[Site "Copenhagen"]
[Date "2017.12.28"]
[Round "3.9"]
[White "Thuesen, Mogens Henrik"]
[Black "Moe, Mogens"]
[Result "0-1"]
[WhiteElo "2180"]
[BlackElo "2227"]
[PlyCount "80"]
[EventDate "2017.12.27"]
[EventType "swiss"]
[EventRounds "7"]
[EventCountry "DEN"]

1. d4 Nf6 2. c4 g6 3. Nc3 d5 4. Nf3 Bg7 5. Qb3 dxc4 6. Qxc4 O-O 7. e4 Nc6 8.
Be2 Bg4 9. Be3 Bxf3 10. gxf3 e5 11. d5 Nd4 12. Nb5 c6 13. dxc6 Nxc6 14. Rd1 Qc8
15. Nd6 Qh3 16. Nxb7 Nd4 17. Bxd4 exd4 18. Qxd4 Qg2 19. Rf1 Ng4 20. Qd6 Nxh2
21. Qg3 Qxg3 22. fxg3 Nxf1 23. Kxf1 Bxb2 24. Bc4 Rac8 25. Nd6 Rc7 26. f4 Ba3
27. Bb3 Rc1 28. Rxc1 Bxc1 29. e5 Ba3 30. Ne4 Kg7 31. Ke2 Be7 32. g4 h5 33. gxh5
gxh5 34. f5 f6 35. exf6+ Bxf6 36. Nc5 Rc8 37. Ne6+ Kh6 38. Kf3 Rc3+ 39. Ke4 h4
40. Nf4 h3 0-1

[Event "Obro Nytaar 2017"]
[Site "Copenhagen"]
[Date "2017.12.28"]
[Round "3.10"]
[White "Kistrup, Nicolai"]
[Black "Ertbjerg, Andreas Lund"]
[Result "1/2-1/2"]
[WhiteElo "1996"]
[BlackElo "2019"]
[PlyCount "90"]
[EventDate "2017.12.27"]
[EventType "swiss"]
[EventRounds "7"]
[EventCountry "DEN"]

1. d4 d5 2. c4 c6 3. Nc3 Nf6 4. e3 e6 5. Nf3 Be7 6. Bd3 O-O 7. e4 dxe4 8. Nxe4
Nxe4 9. Bxe4 Nd7 10. O-O Nf6 11. Bc2 c5 12. Qd3 h6 13. Rd1 cxd4 14. Nxd4 Qb6
15. Be3 Bc5 16. Rab1 e5 17. Nb5 Bxe3 18. Qxe3 Qxe3 19. fxe3 Bg4 20. Rd2 a6 21.
Nd6 Rfd8 22. h3 Ne8 23. hxg4 Rxd6 24. Rxd6 Nxd6 25. b3 Kf8 26. Rd1 Ke7 27. Rd5
Ke6 28. a4 g6 29. Rc5 Rc8 30. Rxc8 Nxc8 31. Be4 Ne7 32. a5 Nc6 33. Bxc6 bxc6
34. b4 Kd6 35. e4 c5 36. b5 Kc7 37. Kf2 Kb7 38. Ke3 Ka7 39. Kd3 Kb7 40. Kc3 Ka7
41. Kb3 Kb7 42. Ka3 Ka7 43. Kb3 Kb7 44. Kc3 Ka7 45. Kb3 Kb7 1/2-1/2

[Event "Obro Nytaar 2017"]
[Site "Copenhagen"]
[Date "2017.12.29"]
[Round "4.1"]
[White "Hansen, Mads"]
[Black "Hector, Jonny"]
[Result "1-0"]
[WhiteElo "2391"]
[BlackElo "2493"]
[PlyCount "97"]
[EventDate "2017.12.27"]
[EventType "swiss"]
[EventRounds "7"]
[EventCountry "DEN"]

1. e4 e5 2. Nf3 Nc6 3. Bb5 a6 4. Ba4 d6 5. O-O Bg4 6. h3 h5 7. Bxc6+ bxc6 8. d4
Qf6 9. Nbd2 g5 10. c3 Bxf3 11. Qxf3 Qxf3 12. Nxf3 g4 13. Nh4 Rb8 14. Rb1 exd4
15. cxd4 Kd7 16. Re1 Bh6 17. Nf5 Bxc1 18. Rexc1 Nh6 19. hxg4 hxg4 20. Ng3 Rb4
21. Rd1 Rhb8 22. Rd2 a5 23. Kf1 f5 24. exf5 Rf8 25. Re1 Nxf5 26. Nxf5 Rxf5 27.
Re4 g3 28. f3 c5 29. Ke2 Rd5 30. Ke3 Rdxd4 31. Rexd4 cxd4+ 32. Kf4 c5 33. Kxg3
Ke6 34. Kf4 Kd5 35. g4 Rb8 36. g5 Rf8+ 37. Kg4 c4 38. f4 Ke4 39. f5 Rxf5 40.
Rxd4+ Kxd4 41. Kxf5 a4 42. a3 Kd3 43. g6 Kc2 44. g7 Kxb2 45. g8=Q c3 46. Qb8+
Ka2 47. Qc7 Kb2 48. Qb6+ Ka2 49. Qc6 1-0

[Event "Obro Nytaar 2017"]
[Site "Copenhagen"]
[Date "2017.12.29"]
[Round "4.2"]
[White "Antonsen, Mikkel"]
[Black "Johansson, Thomas"]
[Result "1/2-1/2"]
[WhiteElo "2450"]
[BlackElo "2160"]
[PlyCount "142"]
[EventDate "2017.12.27"]
[EventType "swiss"]
[EventRounds "7"]
[EventCountry "DEN"]

1. d4 Nf6 2. c4 d6 3. Nf3 Nbd7 4. Nc3 e5 5. e4 c6 6. Be2 Be7 7. O-O O-O 8. Qc2
Re8 9. Rd1 Qc7 10. Be3 a6 11. Rac1 Qb8 12. a3 Ng4 13. Bd2 exd4 14. Nxd4 Nde5
15. h3 Nf6 16. Be3 h6 17. Bf1 Bf8 18. Bf4 Qa7 19. Kh1 Be6 20. Nxe6 Rxe6 21. Be3
Qb8 22. Re1 b5 23. cxb5 axb5 24. Rcd1 b4 25. axb4 Qxb4 26. Bc1 Ned7 27. f3 d5
28. Bd2 Qb8 29. exd5 cxd5 30. Rxe6 fxe6 31. Nb5 Nh5 32. Be1 Bc5 33. b4 Bb6 34.
Qc6 Nf8 35. Qd6 Qb7 36. Qe5 Nf6 37. Rc1 Qf7 38. Qd6 Be3 39. Rc7 N6d7 40. Qc6
Ra2 41. Qc3 Qf4 42. Bg3 Qxg3 43. Qxe3 Ne5 44. Rc8 Rf2 45. Qe1 Rxg2 46. Qxg3
Rxg3 47. Bg2 Nd3 48. Nd4 Nf4 49. b5 e5 50. b6 Rxg2 51. Ne6 Rb2 52. Rxf8+ Kh7
53. Nxf4 exf4 54. Rd8 Rxb6 55. Rxd5 Rb2 56. Kg1 Kg6 57. Ra5 Kf6 58. Rc5 Re2 59.
Ra5 Re5 60. Ra7 g6 61. h4 g5 62. Ra6+ Re6 63. hxg5+ hxg5 64. Ra5 Kg6 65. Ra8
Kh5 66. Kf2 Rb6 67. Rh8+ Rh6 68. Rg8 Kh4 69. Kg2 Kh5 70. Kf2 Ra6 71. Rh8+ Rh6
1/2-1/2

[Event "Obro Nytaar 2017"]
[Site "Copenhagen"]
[Date "2017.12.29"]
[Round "4.3"]
[White "Bromann, Thorbjorn"]
[Black "Nielsen, Viktor Haarmark"]
[Result "1-0"]
[WhiteElo "2385"]
[BlackElo "2293"]
[PlyCount "171"]
[EventDate "2017.12.27"]
[EventType "swiss"]
[EventRounds "7"]
[EventCountry "DEN"]

1. d4 d5 2. Bg5 f6 3. Bh4 Nh6 4. e3 e6 5. c4 Nf5 6. Bg3 c5 7. dxc5 Bxc5 8. cxd5
exd5 9. Nd2 Nc6 10. Ngf3 Nxg3 11. hxg3 Bf5 12. Nh4 Qd7 13. Nxf5 Qxf5 14. g4 Qd7
15. Qc2 Bb4 16. Rxh7 Rxh7 17. Qxh7 O-O-O 18. Bd3 Kb8 19. Qf5 Qe7 20. O-O-O Ne5
21. Nf3 Nxf3 22. gxf3 d4 23. Qf4+ Qc7+ 24. Qxc7+ Kxc7 25. a3 Bc5 26. Kd2 dxe3+
27. fxe3 Re8 28. Rc1 Kb6 29. Be4 Rd8+ 30. Ke2 Rh8 31. b4 Bd6 32. f4 Rh2+ 33.
Kf3 g5 34. Rd1 Bc7 35. fxg5 fxg5 36. a4 Rh3+ 37. Kf2 Rh2+ 38. Bg2 Rh7 39. Rd5
Rf7+ 40. Ke2 Bg3 41. Rb5+ Ka6 42. Be4 b6 43. Rxg5 Bd6 44. Bd3+ Kb7 45. b5 Kc7
46. Rg6 Re7 47. Kf3 Bc5 48. Be4 Kd8 49. Rc6 Rc7 50. Rh6 Re7 51. Rf6 Re8 52. Rh6
Re7 53. Rh8+ Kc7 54. Ra8 Kd6 55. g5 Rf7+ 56. Ke2 Ke5 57. Bc2 Rg7 58. g6 Re7 59.
Kf3 Kf6 60. Be4 Kg7 61. Rc8 Re5 62. Rc7+ Re7 63. Rc6 Re5 64. Kf4 Re8 65. Rc7+
Re7 66. Rc8 Bd6+ 67. Kf3 Rc7 68. Rd8 Be7 69. Rd5 Bc5 70. Rh5 Kf6 71. a5 bxa5
72. g7 Rxg7 73. Rxc5 Ke6 74. Kf4 Rf7+ 75. Bf5+ Kd6 76. Rc6+ Kd5 77. e4+ Kd4 78.
e5 Rg7 79. e6 Rg1 80. Ra6 Rf1+ 81. Kg5 Re1 82. Rxa7 Kc5 83. Rxa5 Kb6 84. Ra4
Kxb5 85. Re4 Rg1+ 86. Bg4 1-0

[Event "Obro Nytaar 2017"]
[Site "Copenhagen"]
[Date "2017.12.29"]
[Round "4.4"]
[White "Moe, Mogens"]
[Black "Aabling Thomsen, Jakob"]
[Result "0-1"]
[WhiteElo "2227"]
[BlackElo "2359"]
[PlyCount "116"]
[EventDate "2017.12.27"]
[EventType "swiss"]
[EventRounds "7"]
[EventCountry "DEN"]

1. e4 c5 2. Nf3 d6 3. d4 cxd4 4. Nxd4 Nf6 5. Nc3 g6 6. Be2 Bg7 7. O-O O-O 8.
Be3 Nc6 9. Qd2 Ng4 10. Bxg4 Bxg4 11. h3 Be6 12. Rad1 Qc8 13. f4 Rd8 14. Qf2 Bc4
15. Rfe1 b6 16. Nd5 Re8 17. b3 Ba6 18. c4 Bb7 19. Nxc6 Bxc6 20. Bd4 Bxd4 21.
Rxd4 b5 22. Kh2 bxc4 23. bxc4 Rb8 24. e5 Bxd5 25. cxd5 Qc5 26. Qd2 Rec8 27. e6
f5 28. Re3 Qc2 29. Qxc2 Rxc2 30. Rb3 Rxb3 31. axb3 Rc5 32. b4 Rc2 33. Rd3 Kg7
34. Ra3 Rc7 35. Kg3 Kf6 36. Kf3 Rb7 37. Ra4 Rb5 38. Rxa7 Rxd5 39. Rb7 Rd3+ 40.
Kf2 Kxe6 41. b5 Rb3 42. b6 h5 43. h4 Kd5 44. Rxe7 Rxb6 45. Re3 Rb4 46. Kf3 Re4
47. Ra3 Kc5 48. Ra5+ Kb6 49. Ra8 Re6 50. Ra1 d5 51. Rb1+ Kc5 52. Rc1+ Kd6 53.
Rd1 Re4 54. Ra1 d4 55. Ra6+ Kc5 56. Rxg6 d3 57. Rf6 d2 58. Rxf5+ Kd4 0-1

[Event "Obro Nytaar 2017"]
[Site "Copenhagen"]
[Date "2017.12.29"]
[Round "4.5"]
[White "Vesterli, Michael E"]
[Black "Jorgensen, Brian Jorgen"]
[Result "1-0"]
[WhiteElo "2079"]
[BlackElo "2239"]
[PlyCount "71"]
[EventDate "2017.12.27"]
[EventType "swiss"]
[EventRounds "7"]
[EventCountry "DEN"]

1. Nf3 d5 2. g3 Bg4 3. Bg2 Nd7 4. c4 dxc4 5. Na3 Ngf6 6. Nxc4 c6 7. d4 e6 8.
Qb3 Nb6 9. Na5 Rb8 10. Bf4 Bd6 11. Ne5 O-O 12. e4 Nbd7 13. Nxb7 Qc7 14. Nxd7
Bxf4 15. Nxb8 Rxb8 16. gxf4 Rxb7 17. Qc3 Qxf4 18. f3 Bh5 19. O-O Rc7 20. Qb3 h6
21. Rac1 Kh7 22. Rc2 Rd7 23. Qc3 Bg6 24. Rd1 e5 25. Rcd2 exd4 26. Rxd4 Rc7 27.
Rd6 Nh5 28. Kh1 c5 29. R6d5 Qh4 30. Qe5 Re7 31. Qb8 Nf4 32. Rd8 Bh5 33. Rh8+
Kg6 34. Qd6+ Re6 35. Qxc5 Rb6 36. Qf5# 1-0

[Event "Obro Nytaar 2017"]
[Site "Copenhagen"]
[Date "2017.12.29"]
[Round "4.6"]
[White "Haubro, Martin"]
[Black "Ertbjerg, Andreas Lund"]
[Result "1-0"]
[WhiteElo "2309"]
[BlackElo "2019"]
[PlyCount "85"]
[EventDate "2017.12.27"]
[EventType "swiss"]
[EventRounds "7"]
[EventCountry "DEN"]

1. e4 e6 2. d4 d5 3. Nc3 Bb4 4. e5 c5 5. a3 Bxc3+ 6. bxc3 Ne7 7. Qg4 Qc7 8.
Qxg7 Rg8 9. Qxh7 cxd4 10. Ne2 dxc3 11. f4 Nbc6 12. h4 Bd7 13. h5 O-O-O 14. Qd3
d4 15. h6 Rg6 16. h7 Rh8 17. Nxd4 Nxd4 18. Qxd4 a6 19. Qf2 Bc6 20. Be3 Nd5 21.
Bc5 f6 22. Bd6 Qg7 23. O-O-O Rxh7 24. Rxh7 Qxh7 25. Qa7 Qh4 26. exf6 Qxf6 27.
Qb8+ Kd7 28. Bd3 Rxg2 29. Be4 Rh2 30. Bxd5 Bxd5 31. Be5 Qg6 32. Qxb7+ Ke8 33.
Qc8+ Ke7 34. Qxc3 Qe4 35. Qc7+ Ke8 36. Bd6 Rh7 37. Qc8+ Kf7 38. Qf8+ Kg6 39.
Qg8+ Kf6 40. Qg5+ Kf7 41. Qe7+ Kg6 42. Rg1+ Kh5 43. Qg5# 1-0

[Event "Obro Nytaar 2017"]
[Site "Copenhagen"]
[Date "2017.12.29"]
[Round "4.7"]
[White "Brorsen, Jacob Abildlund"]
[Black "Kistrup, Nicolai"]
[Result "0-1"]
[WhiteElo "2167"]
[BlackElo "1996"]
[PlyCount "96"]
[EventDate "2017.12.27"]
[EventType "swiss"]
[EventRounds "7"]
[EventCountry "DEN"]

1. e4 c5 2. Nf3 e6 3. g3 Nc6 4. Bg2 g6 5. O-O Bg7 6. Re1 Nge7 7. Nc3 d6 8. d3
O-O 9. Bg5 h6 10. Be3 e5 11. Nd2 Be6 12. Nd5 Bxd5 13. exd5 Nb4 14. c4 Nxd3 15.
Re2 Nb4 16. a3 Na6 17. Rb1 Nf5 18. b4 Nxe3 19. fxe3 f5 20. e4 f4 21. Nf3 fxg3
22. hxg3 cxb4 23. axb4 Qb6+ 24. Kh2 Nxb4 25. Nh4 Rf6 26. Reb2 a5 27. Qg4 Kh7
28. Rf1 Raf8 29. Rf3 Qd8 30. Rfb3 Qc8 31. Qe2 Qc5 32. Nf3 Rc8 33. Bh3 Rc7 34.
Nh4 Qxc4 35. Qg4 Qc1 36. Bg2 Rc2 37. Rxc2 Qxc2 38. Rf3 Qe2 39. Qd7 Rxf3 40.
Nxf3 Nd3 41. Qxd6 Nf2 42. Qe6 Qa6 43. Qe8 a4 44. d6 a3 45. d7 Ng4+ 46. Kh3 Nf6
47. Nxe5 Nxe8 48. dxe8=Q a2 0-1

[Event "Obro Nytaar 2017"]
[Site "Copenhagen"]
[Date "2017.12.29"]
[Round "4.8"]
[White "Olsen, Peter Erik"]
[Black "Slettebo, Jan"]
[Result "1-0"]
[WhiteElo "2154"]
[BlackElo "1991"]
[PlyCount "51"]
[EventDate "2017.12.27"]
[EventType "swiss"]
[EventRounds "7"]
[EventCountry "DEN"]

1. d4 d5 2. Bg5 h6 3. Bh4 c6 4. e3 Qb6 5. Qc1 Bf5 6. Nf3 Nd7 7. Be2 g5 8. Bg3
Bg7 9. O-O Ngf6 10. c4 Ne4 11. Nc3 Nxg3 12. hxg3 e6 13. a4 Qd8 14. Qd2 Nf6 15.
Ne5 Ne4 16. Nxe4 dxe4 17. Qb4 Qe7 18. c5 Bxe5 19. dxe5 O-O-O 20. Bc4 g4 21.
Rfd1 Rd5 22. Bxd5 exd5 23. Qd4 h5 24. b4 Rh7 25. b5 Bd7 26. a5 1-0

[Event "Obro Nytaar 2017"]
[Site "Copenhagen"]
[Date "2017.12.29"]
[Round "4.9"]
[White "Haubro, Sigfred"]
[Black "Hansen, Jeppe"]
[Result "1-0"]
[WhiteElo "2153"]
[BlackElo "1780"]
[PlyCount "59"]
[EventDate "2017.12.27"]
[EventType "swiss"]
[EventRounds "7"]
[EventCountry "DEN"]

1. e4 e5 2. Nf3 Nc6 3. Bc4 Bc5 4. b4 Bxb4 5. c3 Ba5 6. O-O h6 7. d4 Qf6 8. dxe5
Nxe5 9. Nxe5 Qxe5 10. Qb3 Qh5 11. Ba3 Nf6 12. Nd2 c6 13. Bd6 b5 14. Bd3 Bb7 15.
a4 Ng4 16. Nf3 Qg6 17. Ba3 Qe6 18. c4 a6 19. Qb2 Bd8 20. Nd4 Qe5 21. f4 Qh5 22.
h3 Ne3 23. Rf3 c5 24. Rxe3 Bf6 25. e5 cxd4 26. Qxd4 Bd8 27. cxb5 axb5 28. Bxb5
Qf5 29. e6 fxe6 30. Qxd7# 1-0

[Event "Obro Nytaar 2017"]
[Site "Copenhagen"]
[Date "2017.12.29"]
[Round "4.10"]
[White "Skonnord, Uno"]
[Black "Mortensen, Henrik"]
[Result "1/2-1/2"]
[WhiteElo "2094"]
[BlackElo "1968"]
[PlyCount "70"]
[EventDate "2017.12.27"]
[EventType "swiss"]
[EventRounds "7"]
[EventCountry "DEN"]

1. e4 Nf6 2. e5 Nd5 3. d4 d6 4. Nf3 Bg4 5. Be2 c6 6. c4 Nb6 7. Qc2 Bxf3 8. Bxf3
dxe5 9. dxe5 e6 10. b3 Bb4+ 11. Ke2 N8d7 12. Bb2 Qc7 13. Qe4 O-O-O 14. a3 Be7
15. Nd2 Nc5 16. Qc2 Nd3 17. Be4 Nxe5 18. Nf3 Bf6 19. g3 Nxf3 20. Bxf3 Nd7 21.
Bxf6 Nxf6 22. Rhd1 Rxd1 23. Rxd1 Rd8 24. Rxd8+ Kxd8 25. Qc3 Ke8 26. Kf1 Qd6 27.
b4 Ke7 28. Qe3 a6 29. Kg2 h6 30. Qb6 Qd7 31. a4 e5 32. Qc5+ Qd6 33. Qb6 Qd7 34.
Qc5+ Qd6 35. Qb6 Qd7 1/2-1/2

[Event "Obro Nytaar 2017"]
[Site "Copenhagen"]
[Date "2017.12.29"]
[Round "5.1"]
[White "Aabling Thomsen, Jakob"]
[Black "Hansen, Mads"]
[Result "1-0"]
[WhiteElo "2359"]
[BlackElo "2391"]
[PlyCount "69"]
[EventDate "2017.12.27"]
[EventType "swiss"]
[EventRounds "7"]
[EventCountry "DEN"]

1. Nf3 c5 2. g3 d5 3. c4 d4 4. b4 cxb4 5. a3 bxa3 6. Bxa3 Nc6 7. Bg2 e5 8. Bxf8
Kxf8 9. d3 Nf6 10. O-O g6 11. Nbd2 Kg7 12. Qb3 Qe7 13. Rfb1 Re8 14. Ne1 Nd7 15.
Qb2 a5 16. Nc2 Ra6 17. Ra2 Nc5 18. Ne4 Ne6 19. Qa1 Qc7 20. Rab2 Re7 21. Qa3 Nb8
22. Rb5 Re8 23. Ra1 b6 24. Qd6 f6 25. Qxc7+ Nxc7 26. Nd6 Bd7 27. Nxe8+ Bxe8 28.
Rb2 Nd7 29. Bb7 Ra7 30. Bc6 Na8 31. Na3 a4 32. Nb5 Ra5 33. Nd6 Kf8 34. Nxe8
Kxe8 35. Rxa4 1-0

[Event "Obro Nytaar 2017"]
[Site "Copenhagen"]
[Date "2017.12.29"]
[Round "5.2"]
[White "Johansson, Thomas"]
[Black "Bromann, Thorbjorn"]
[Result "1-0"]
[WhiteElo "2160"]
[BlackElo "2385"]
[PlyCount "115"]
[EventDate "2017.12.27"]
[EventType "swiss"]
[EventRounds "7"]
[EventCountry "DEN"]

1. d4 c5 2. d5 e5 3. e4 d6 4. g3 g6 5. a4 Bg7 6. Nc3 Ne7 7. h4 h5 8. Bh3 Nd7 9.
Nb5 Nf6 10. Bxc8 Rxc8 11. f3 a6 12. Nc3 Nd7 13. Nh3 c4 14. Be3 Qa5 15. O-O f6
16. Qd2 Nc5 17. Kg2 Kd7 18. Qe2 Qb4 19. a5 Bh6 20. f4 Ng8 21. Bd2 Kd8 22. Na4
Qb5 23. Nb6 Rc7 24. Bc3 Nd7 25. fxe5 dxe5 26. d6 Rc6 27. Nd5 Rxd6 28. Rad1 Bf8
29. Qe3 Qc5 30. Qxc5 Nxc5 31. Bxe5 Nxe4 32. Bxd6 Bxd6 33. Nc3 Nxc3 34. Rxd6+
Kc7 35. Rd4 Nb5 36. Rxc4+ Kb8 37. Re4 Nd6 38. Re6 Kc7 39. Nf4 g5 40. hxg5 fxg5
41. Ng6 Rh7 42. Rf8 Rg7 43. Ne5 Ne7 44. c4 h4 45. g4 Nxc4 46. Nxc4 Ng6 47. Rxg6
Rxg6 48. Rf7+ Kb8 49. Rf5 Kc7 50. Rc5+ Kd8 51. Ne5 Re6 52. Nf7+ Ke7 53. Nxg5
Re2+ 54. Kh3 Rxb2 55. Kxh4 b6 56. Re5+ Kd7 57. axb6 Rxb6 58. Kh5 1-0

[Event "Obro Nytaar 2017"]
[Site "Copenhagen"]
[Date "2017.12.29"]
[Round "5.3"]
[White "Hector, Jonny"]
[Black "Vesterli, Michael E"]
[Result "1-0"]
[WhiteElo "2493"]
[BlackElo "2079"]
[PlyCount "75"]
[EventDate "2017.12.27"]
[EventType "swiss"]
[EventRounds "7"]
[EventCountry "DEN"]

1. e4 c5 2. Nf3 e6 3. d4 cxd4 4. Nxd4 a6 5. Nc3 b5 6. Bd3 Qb6 7. Nf3 Bc5 8. O-O
Nf6 9. e5 Ng4 10. Ne4 Bb7 11. Qe2 Nc6 12. Bf4 f6 13. exf6 Nxf6 14. Nxc5 Qxc5
15. Rad1 Nd5 16. Bg3 O-O 17. Ng5 h6 18. Ne4 Qb6 19. Nd6 Nd4 20. Qe5 Nc6 21. Qe4
Nf6 22. Qh4 Ne7 23. Nxb7 Qxb7 24. Bd6 Rfe8 25. Be5 Ned5 26. b3 b4 27. Qg3 Rf8
28. Be4 Rf7 29. Bg6 Rff8 30. Rd4 Nc3 31. Bd3 Rf7 32. Qg6 Qc6 33. Rxb4 Qc5 34.
Bxc3 Qxc3 35. Rh4 Kf8 36. Qg3 Qd2 37. Qd6+ Ke8 38. Rd4 1-0

[Event "Obro Nytaar 2017"]
[Site "Copenhagen"]
[Date "2017.12.29"]
[Round "5.4"]
[White "Kistrup, Nicolai"]
[Black "Antonsen, Mikkel"]
[Result "0-1"]
[WhiteElo "1996"]
[BlackElo "2450"]
[PlyCount "100"]
[EventDate "2017.12.27"]
[EventType "swiss"]
[EventRounds "7"]
[EventCountry "DEN"]

1. d4 Nf6 2. c4 g6 3. Nc3 d5 4. cxd5 Nxd5 5. e4 Nxc3 6. bxc3 Bg7 7. Nf3 c5 8.
Be3 Qa5 9. Bd2 O-O 10. Be2 Qc7 11. Rc1 e6 12. O-O b6 13. d5 exd5 14. exd5 c4
15. Qa4 Ba6 16. Nd4 Qd7 17. Qb4 Rc8 18. Rfe1 Bf8 19. Qb1 Bb7 20. Bf3 Bxd5 21.
Bxd5 Qxd5 22. Rcd1 Nc6 23. Bf4 Nxd4 24. Rxd4 Qc6 25. Be5 b5 26. Qe4 Qxe4 27.
Rdxe4 a5 28. Rb1 b4 29. f4 Ra7 30. Kf1 Rb7 31. g3 Rd7 32. Rd4 Rxd4 33. Bxd4 Rb8
34. Ke2 b3 35. a4 Bg7 36. Kd2 Rd8 37. Ke3 f5 38. Bxg7 Kxg7 39. Ke2 Kf6 40. Rc1
Rd3 41. Ke1 h5 42. Ke2 g5 43. fxg5+ Kxg5 44. Ke1 Kg4 45. Ke2 Kh3 46. Ke1 Kxh2
47. Ke2 Kxg3 48. Rg1+ Kf4 49. Rf1+ Ke4 50. Rc1 f4 0-1

[Event "Obro Nytaar 2017"]
[Site "Copenhagen"]
[Date "2017.12.29"]
[Round "5.5"]
[White "Olsen, Peter Erik"]
[Black "Haubro, Martin"]
[Result "1/2-1/2"]
[WhiteElo "2154"]
[BlackElo "2309"]
[PlyCount "81"]
[EventDate "2017.12.27"]
[EventType "swiss"]
[EventRounds "7"]
[EventCountry "DEN"]

1. d4 Nf6 2. Bg5 d5 3. Bxf6 gxf6 4. e3 c5 5. c3 e5 6. Ne2 Nc6 7. g3 Qb6 8. Qb3
Bg4 9. Nd2 cxd4 10. Qxb6 axb6 11. exd4 Bxe2 12. Bxe2 exd4 13. O-O dxc3 14. bxc3
O-O-O 15. Nb3 Bc5 16. Bh5 Ne5 17. Rad1 Rhe8 18. Rfe1 Re7 19. Kg2 Rc7 20. Nd4
Bxd4 21. cxd4 Nc6 22. Re3 Kb8 23. Rf3 Rd6 24. Rf4 Kc8 25. Bf3 h6 26. Bh5 Kd8
27. Rb1 Na5 28. Rb5 Ke7 29. Bf3 Rcd7 30. Rf5 Nc6 31. Rxb6 Nxd4 32. Rxd6 Rxd6
33. Rh5 Nxf3 34. Kxf3 d4 35. Rb5 b6 36. Ke2 d3+ 37. Kd2 Ke6 38. Rb3 Ke5 39.
Rxd3 Rc6 40. Rb3 Kf5 41. h3 1/2-1/2

[Event "Obro Nytaar 2017"]
[Site "Copenhagen"]
[Date "2017.12.29"]
[Round "5.6"]
[White "Rostgaard, Tobias Valentin"]
[Black "Haubro, Sigfred"]
[Result "1-0"]
[WhiteElo "2335"]
[BlackElo "2153"]
[PlyCount "103"]
[EventDate "2017.12.27"]
[EventType "swiss"]
[EventRounds "7"]
[EventCountry "DEN"]

1. e4 e5 2. Nf3 d6 3. Bc4 Be7 4. d3 Nf6 5. Nbd2 O-O 6. c3 c6 7. Bb3 Nbd7 8. O-O
Nc5 9. Bc2 Bg4 10. h3 Bh5 11. Re1 Qc7 12. Nf1 Rae8 13. Ng3 Bg6 14. Nh2 Nfd7 15.
Nf5 d5 16. Qf3 dxe4 17. Nxe7+ Rxe7 18. dxe4 Ne6 19. Ng4 Kh8 20. Ne3 Ng5 21. Qg4
Nxe4 22. Qh4 Nef6 23. Nf5 Re6 24. Bg5 c5 25. c4 e4 26. Ne3 Qe5 27. Red1 Qxb2
28. Rab1 Qxa2 29. Rxb7 Ne5 30. Bxf6 Rxf6 31. Qg3 Re6 32. Rdb1 Nc6 33. Qc7 h6
34. Bd1 Nb4 35. Qxc5 Qxf2+ 36. Kh1 Rd8 37. R7xb4 Red6 38. Bg4 Kh7 39. Rf1 Qa2
40. Bf5 Qe2 41. Rbb1 Rd4 42. Bxg6+ fxg6 43. Rbe1 Qd3 44. Qxa7 R4d7 45. Qa1 Qb3
46. Nd5 Re8 47. Qa6 Qg3 48. Qc6 Red8 49. Rxe4 g5 50. Qe6 Rd6 51. Qf5+ Kh8 52.
Rf3 1-0

[Event "Obro Nytaar 2017"]
[Site "Copenhagen"]
[Date "2017.12.29"]
[Round "5.7"]
[White "Porte, Henrik"]
[Black "Christensen, Tobias "]
[Result "1/2-1/2"]
[WhiteElo "2115"]
[BlackElo "2357"]
[PlyCount "74"]
[EventDate "2017.12.27"]
[EventType "swiss"]
[EventRounds "7"]
[EventCountry "DEN"]

1. d4 d5 2. c4 c6 3. Nf3 Nf6 4. Nc3 dxc4 5. a4 Bf5 6. Ne5 Nbd7 7. Nxc4 Qc7 8.
g3 e5 9. dxe5 Nxe5 10. Bf4 Nfd7 11. Bg2 g5 12. Ne3 gxf4 13. Nxf5 O-O-O 14. O-O
fxg3 15. hxg3 h5 16. Rc1 Nf6 17. Qc2 Kb8 18. Nb5 Qb6 19. Qc3 Nfg4 20. e3 cxb5
21. a5 b4 22. Qxe5+ Nxe5 23. axb6 axb6 24. Rfd1 Bc5 25. Bd5 Rd7 26. Kg2 Rhd8
27. e4 Ng4 28. f3 Ne3+ 29. Nxe3 Bxe3 30. Rc4 Rg8 31. Rh1 Bf4 32. Rh3 Bd6 33.
Rc2 h4 34. Rxh4 Bxg3 35. Rg4 Rxg4 36. fxg4 Be5 37. g5 Bf4 1/2-1/2

[Event "Obro Nytaar 2017"]
[Site "Copenhagen"]
[Date "2017.12.29"]
[Round "5.8"]
[White "Nielsen, Viktor Haarmark"]
[Black "Kragh, Niels Kristian"]
[Result "1-0"]
[WhiteElo "2293"]
[BlackElo "2083"]
[PlyCount "49"]
[EventDate "2017.12.27"]
[EventType "swiss"]
[EventRounds "7"]
[EventCountry "DEN"]

1. e4 e6 2. d4 d5 3. Nc3 Bb4 4. e5 c5 5. a3 Bxc3+ 6. bxc3 Ne7 7. Qg4 Qc7 8. Bd3
cxd4 9. Ne2 dxc3 10. Qxg7 Rg8 11. Qxh7 Nbc6 12. Bf4 Bd7 13. O-O O-O-O 14. Qxf7
Rdf8 15. Qh5 Rh8 16. Qf3 d4 17. Qe4 Rh4 18. g3 Nd5 19. gxh4 Nxf4 20. Nxf4 Nxe5
21. f3 Bc6 22. Qxd4 Bxf3 23. Nxe6 Rg8+ 24. Ng5 Ng4 25. Bf5+ 1-0

[Event "Obro Nytaar 2017"]
[Site "Copenhagen"]
[Date "2017.12.29"]
[Round "5.9"]
[White "Jorgensen, Brian Jorgen"]
[Black "Skonnord, Uno"]
[Result "1/2-1/2"]
[WhiteElo "2239"]
[BlackElo "2094"]
[PlyCount "123"]
[EventDate "2017.12.27"]
[EventType "swiss"]
[EventRounds "7"]
[EventCountry "DEN"]

1. d4 Nf6 2. c4 g6 3. f3 Bg7 4. e4 d6 5. Nc3 O-O 6. Bg5 c6 7. Qd2 a6 8. a4 a5
9. Bh6 Bxh6 10. Qxh6 Qb6 11. Qd2 e5 12. d5 Na6 13. Nge2 Nc5 14. Nc1 cxd5 15.
cxd5 Nh5 16. Bc4 Kg7 17. Nd1 h6 18. Nf2 Bd7 19. b3 Rac8 20. O-O Nf4 21. Kh1 f5
22. g3 Nh5 23. exf5 gxf5 24. Qa2 e4 25. Ne2 Kh7 26. Qc2 exf3 27. Nc3 Kg7 28.
Nh3 f4 29. g4 Bxg4 30. Rg1 Ng3+ 31. hxg3 Bxh3 32. gxf4+ Bg2+ 33. Rxg2+ fxg2+
34. Qxg2+ Kh8 35. Qg6 Qc7 36. Rg1 Qe7 37. Qg4 Rg8 38. Qh3 Rxg1+ 39. Kxg1 Rg8+
40. Kf2 Qg7 41. Ne2 Qf6 42. Ke3 Re8+ 43. Kd2 Qb2+ 44. Kd1 Qa1+ 45. Nc1 Qf6 46.
Ne2 Ne4 47. Qd7 Qe7 48. Qf5 Qh7 49. Qh5 Rg8 50. Ke1 Nf6 51. Qh4 Ng4 52. Kd2 Qg7
53. Qh5 Qb2+ 54. Kd3 Qf6 55. Kd2 Qb2+ 56. Kd3 Qb1+ 57. Kd2 Qf1 58. Bd3 Qf2 59.
Bf5 Qe3+ 60. Ke1 Qf2+ 61. Kd2 Qe3+ 62. Ke1 1/2-1/2